1243 1575 1335 1313 1311 1752 1607 1264 2000 1904 1188 1198 1598 1792 1378 1977 1660 1570 1652 1337 1985 1904 1655 1782 1835 1452 1565 1041 1365 1059 1839 1365 1587 1494 1818 1202 1922 1394 1274 1230 1861 1132 1332 1588 1007 1440 1683 1346 1741 1509 1672 1361 1817 1169 1930 1199 1082 1215 1505 1111 1450 1359 1357 1402 1546 1657 1621 1812 1773 1528 1381 1493 1058 1878 1512 1076 1541 1093 1141 1996 1405 1905 1670 1464 1698 1145 1719 1542 1347 1340 1409 1820 1852 1848 1407 1680 1495 1839 1301 BCNSPRNW ULIB Ver.6.0+V

เปลี่ยนเป็นภาษาไทย

Change to English
 แสดงรายละเอียดบรรณานุกรม
  กลับหน้าหลัก

Brief Record : Get Marc (ISO 2709) : E-mail record : QR code < ปิดหน้าต่าง
LEADER : 00000nam 2200000uu 4500
001    13399113312
003     ULIB
008    111006s2549||||th 000 0 tha d
020    9749181174
050 04 TX558.F7^bส778ม 2549
100 0  สุทัศน์ ยกส้าน
245 10 มหัศจรรย์แห่งพืช /^cสุทัศน์ ยกส้าน
250    พิมพ์ครั้งที่ 2
260    กรุงเทพฯ :^bปาเจรา,^c2549
300    120 หน้า:^bภาพประกอบ
440  0 สารคดีวิทยาศาสตร์และเทคโนโลยี ชุด สิ่งมีชีวิต
650  7 พืช
650  7 พฤกษศาสตร์
945    ^p150^l0^i024966
945    ^p150^l0^i024967
995    ทศพร
999 ^a ทศพร
รายการนี้ยังไม่มีแท็ก
คุณยังไม่ได้ล็อกอิน คุณสามารถมีกิจกรรมร่วมกับเว็บไซต์ได้ แต่ต้องล็อกอินก่อน ::
  ล็อกอิน

รายการสื่อสารสนเทศ

ลำดับที่ ประเภท เลขเรียก/บาร์โค้ด สถานที่ สถานะ
- ไม่พบข้อมูล -

รายการใกล้เคียง
    ผู้แต่ง [สุทัศน์ ยกส้าน]

    หัวเรื่อง [พืช]
    หัวเรื่อง [พฤกษศาสตร์]

BibComment


ยังไม่เคยถูกคอมเมนท์

คอมเมนท์ทรัพยากรรายการนี้
  คอมเมนท์: มหัศจรรย์แห่งพืช ..


 Copyright 2026. Bcnsprnw @Library